NPB2024年シーズンチーム内最多勝 - Statistics

General Stats
  • This quiz has been taken 121 times
  • The average score is 12 of 18
Answer Stats
チーム名 選手名 % Correct
DeNA 東克樹
93%
巨人 菅野智之
91%
阪神 才木浩人
91%
日本ハム 伊藤大海
90%
中日 高橋宏斗
89%
ソフトバンク 有原航平
89%
広島 床田寛樹
86%
オリックス 宮城大弥
77%
今井達也
77%
ロッテ 小島和哉
70%
楽天 早川隆久
69%
ヤクルト 吉村貢司郎
56%
西武 武内夏暉
53%
島内颯太郎
48%
大西広樹
37%
エスピノーザ
35%
曽谷龍平
33%
藤井聖
32%
No matching quizzes found
Score Distribution
Percent of People with Each Score
Percentile by Number Answered
Your Score History
You have not taken this quiz